Normal view
MARC view
Entry Personal Name
001 - CONTROL NUMBER
- control field: 45740
003 - CONTROL NUMBER IDENTIFIER
- control field: ARRUPE
005 - DATE AND TIME OF LATEST TRANSACTION
- control field: 20190402123240.0
008 - FIXED-LENGTH DATA ELEMENTS
- fixed length control field: 190402|| aca||aabn | a|a d
040 ## - CATALOGING SOURCE
- Original cataloging agency: ARRUPE
- Transcribing agency: ARRUPE
100 ## - HEADING--PERSONAL NAME
- Personal name: John, Furgose
670 ## - SOURCE DATA FOUND
- Source citation: Work cat.: (ARRUPE): John, Furgose , Simulation of matrimonal consent caused by force and fear in the light of Can.1101 and Can.1103 in the context of arranged marriages in India, 2008.